00880nam a2200229Ia 4500001002100000003000900021008004100030040002300071041001300094100002100107240002600128245002800154250001500182260002800197300001900225501012400244700003700368942000700405957000600412999004200418952019000460843-SIM ge cl (8532)IT-MiSPE171229s9999||||xx |||||||||||||| ||und|| aIT-MiSPEcIT-MiSPE aITALIANO aGeorges Simenon  aLe clan des Ostendais 0aIl clan degli Ostendesi a1a ed. (v) aMilanobMondadoric1957 a185 p. c19 cm aEdizioni San Paolo srl - Piazza Soncino, 5 - 20092 CINISELLO BALSAMO (MI) (non commercial uses only) ® Copyright 2018 aBruno Just Lazzarig(traduzione) cBK 71 a17814bNOg Copie: 1 c353626d353626 0010406843SIM_GE_CL_853271aCINISELLObCINISELLOd2017-12-30l0o843-SIM ge cl (8532)r2017-12-30 00:00:00w2017-12-30yBKz(data import: 20 dicembre 2017) - By Epidotti, Vaglietti.